000 00726cam a22002533a 4500
001 92
003 PGUSA
005 20140828082943.0
008 931201s1993||||xxu|||||s|||||000 1 eng d
040 _aPGUSA
_beng
042 _adc
050 4 _aPS
100 1 _aBurroughs, Edgar Rice,
_d1875-1950
245 1 0 _aTarzan and the Jewels of Opar
_h[electronic resource] /
_cEdgar Rice Burroughs
260 _bProject Gutenberg,
_c1993
506 _aPublic domain in the USA.
516 _aElectronic text
653 _aTarzan (Fictitious character) -- Fiction
653 _aFantasy fiction
653 _aAdventure stories
830 0 _aProject Gutenberg
_v92
856 4 0 _uhttp://www.gutenberg.org/ebooks/92
942 _cEB
999 _c229463
_d229463